000 00857cam a2200265 a 4500
001 6000858
003 ARRUPE
005 20220519122518.0
008 821203s1945 nyu b 000 0 eng
010 _a 46001158
040 _aDLC
_cCarP
_dDLC
043 _an-us---
050 0 0 _aE185.6
_b.P8
051 _aMicrofilm 52109 E
_cReplaces LC copy 1.
100 1 _aPowell, Adam Clayton,
_d1908-1972.
_951691
245 1 0 _aMarching blacks,
_ban interpretive history of the rise of the black common man, /
_cby Adam Clayton Powell, Jr.
260 _aNew York :
_bDial Press,
_c1945.
300 _a218 p. ;
_c21 cm.
504 _aBibliography: p. 215-218.
650 0 _aAfrican Americans
_xHistory.
_950556
906 _a7
_bcbc
_cpremver
_d1
_encip
_f19
_gy-gencatlg
942 _2lcc
_cMONOGRAPH
999 _c131466
_d131466